000 00524nam a2200193 a 4500
001 1772447158755
003 YourLibrary
005 20260302160218.0
008 260302s2008##################000#0#eng##
020 _a9780199548958
082 0 4 _a327.17405
_bSTO
100 1 _aInstitute, Stockholm International Peace Research,
_eauthor.
245 1 0 _aSIPRI Yearbook 2008 :
260 _bSIPRI Yearbook,
_c2008.
300 _a630 pages
650 0 _aHistory.
942 _cENGLISH
040 _aYourLibrary
_beng
_cYourLibrary
999 _c616561
_d616561